00419nam a2200109Ia 4500008004100000082000800041100001800049245012300067942000600190952009800196999001500294240331s9999 xx 000 0 und d bJEE aJeevandara, P 0aAdu adayam labi pavulvala lamunge ha kanthawange adyapana thathwaya nanwalime viyapruthiya :bObesekarapura Rajagiriya cL 001040708LaWERCLbWERCLcSSCd2024-03-31l0o 307.72 JEEp5403r2024-03-31w2024-03-31yL c2227d2227